Biblioteca y Centro de Documentación

Poverty concentration and the low income housing tax credit (Registro nro. 49340)

Detalles MARC
000 -CABECERA
Longitud fija campo de control 01283naa a2200337 c 4500
001 - NÚMERO DE CONTROL
Número de control 49340
003 - IDENTIFICADOR DE NÚMERO DE CONTROL
Identificador del número de control ES-MaCES
005 - FECHA Y HORA DE LA ÚLTIMA TRANSACCIÓN
Fecha y hora de la última transacción 20170503155817.0
008 - CAMPO FIJO DE DESCRIPCIÓN FIJA--INFORMACIÓN GENERAL
Códigos de información de longitud fija   170503s2016 ne ||||| t||||||| ||eng d
040 ## - FUENTE DE CATALOGACIÓN
Centro catalogador de origen ES-MaCES
Lengua de catalogación spa
Centro transcriptor ES-MaCES
Centro modificado ES-MaCES
100 1# - ENCABEZAMIENTO PRINCIPAL--NOMBRE PERSONAL
9 (RLIN) 38152
Nombre de persona Ellen, Ingrid G.
245 10 - MENCIÓN DE TÍTULO
Título Poverty concentration and the low income housing tax credit
Resto del título : Effects of siting and tenant composition
Mención de responsabilidad, etc. Ingrid G. Ellen, Keren M. Horn, Katherine M. O'Regan
500 ## - NOTA GENERAL
Nota general Resumen
504 ## - NOTA DE BIBLIOGRAFÍA, ETC.
Nota de bibliografía, etc. Bibliografía: p. 58-59
650 #4 - ASIENTO SECUNDARIO DE MATERIA--TÉRMINO DE MATERIA
9 (RLIN) 27112
Término de materia o nombre geográfico como elemento inicial pobreza
650 #4 - ASIENTO SECUNDARIO DE MATERIA--TÉRMINO DE MATERIA
9 (RLIN) 29048
Término de materia o nombre geográfico como elemento inicial bajos ingresos
650 #4 - ASIENTO SECUNDARIO DE MATERIA--TÉRMINO DE MATERIA
9 (RLIN) 29219
Término de materia o nombre geográfico como elemento inicial socialmente desfavorecidos
650 #4 - ASIENTO SECUNDARIO DE MATERIA--TÉRMINO DE MATERIA
9 (RLIN) 29419
Término de materia o nombre geográfico como elemento inicial política de vivienda
650 #4 - ASIENTO SECUNDARIO DE MATERIA--TÉRMINO DE MATERIA
9 (RLIN) 27911
Término de materia o nombre geográfico como elemento inicial hogar
650 #4 - ASIENTO SECUNDARIO DE MATERIA--TÉRMINO DE MATERIA
9 (RLIN) 28082
Término de materia o nombre geográfico como elemento inicial política fiscal
650 #4 - ASIENTO SECUNDARIO DE MATERIA--TÉRMINO DE MATERIA
9 (RLIN) 28093
Término de materia o nombre geográfico como elemento inicial tributación
650 #4 - ASIENTO SECUNDARIO DE MATERIA--TÉRMINO DE MATERIA
9 (RLIN) 28087
Término de materia o nombre geográfico como elemento inicial recaudación de impuestos
650 #4 - ASIENTO SECUNDARIO DE MATERIA--TÉRMINO DE MATERIA
9 (RLIN) 28889
Término de materia o nombre geográfico como elemento inicial análisis estadístico
650 #4 - ASIENTO SECUNDARIO DE MATERIA--TÉRMINO DE MATERIA
9 (RLIN) 28373
Término de materia o nombre geográfico como elemento inicial Estados Unidos
653 10 - TÉRMINO DE INDEXACIÓN--NO CONTROLADO
Término no controlado Fiscalidad
700 1# - ENCABEZAMIENTO SECUNDARIO--NOMBRE PERSONAL
9 (RLIN) 38153
Nombre de persona Horn, Keren M.
700 1# - ENCABEZAMIENTO SECUNDARIO--NOMBRE PERSONAL
9 (RLIN) 38154
Nombre de persona O'Regan, Katherine M.
773 0# - ENTRADA DE DOCUMENTO FUENTE
Itemnumber del ítem fuente 85562
Lugar, editor y fecha de publicación Amsterdam (P.O. Box 211, 1000 AE) Elsevier Science
Otro identificador del documento 088460
Título Journal of housing economics
Número de control del registro relacionado (ES-MaCES)25393
Parte(s) relacionada(s) vol. 34 (Dec. 2016) {10383 R. 088460} ;p. 49-59
902 ## - CES. TIPO DE DOCUMENTO
Tipodoc (006$c Sirtex) ART Artículo de revista
942 ## - ELEMENTOS KOHA
Fuente de clasificaión o esquema Clasificación propia del CES
Koha [por defecto] tipo de item Artículos (1982-2017)
Parte de clasificación Fiscalidad

No hay ítems disponibles.

© CES, Consejo Económico y Social de España 2021